LIBRARY & INFORMATION CENTRE, KCAET, TAVANUR

ONLINE PUBLIC ACCESS CATALOGUE (OPAC)

Large water meters / (Record no. 9786)

MARC details
000 -LEADER
fixed length control field 00574cam a2200205ua 4500
020 ## - INTERNATIONAL STANDARD BOOK NUMBER
ISBN 0-8213-1375-4
041 ## - LANGUAGE CODE
Language code of text/sound track or separate title eng
082 ## - DEWEY DECIMAL CLASSIFICATION NUMBER
Classification number 553.7
Item number JEF/LA
100 ## - MAIN ENTRY--AUTHOR NAME
Personal name Jeffcoate, Philip .
245 ## - TITLE STATEMENT
Title Large water meters /
250 ## - EDITION STATEMENT
Edition statement 1 /
260 ## - PUBLICATION, DISTRIBUTION, ETC. (IMPRINT)
Place of publication Washington :
Name of publisher The World Bank ,
Year of publication 1989.
300 ## - PHYSICAL DESCRIPTION
Number of Pages 104 ; .
490 0# - SERIES STATEMENT
Series statement Water supply operations management series,
Volume number/sequential designation
700 1# - ADDED ENTRY--PERSONAL NAME
Personal name Pond, Roy .
942 ## - ADDED ENTRY ELEMENTS (KOHA)
Koha item type Books
Holdings
Withdrawn status Lost status Damaged status Home library Current library Date acquired Full call number Accession Number Koha item type
      KAUAET KAUAET 07/04/2012 553.7 17665 Books
free website counter